[Event "AUTO-OPEN-4239"]
[Site "http://www.queenalice.com/game.php?id=1636762"]
[Date "2020.12.17"]
[Round "1"]
[White "chessman"]
[Black "GaryK"]
[Result "0-1"]
[WhiteElo "1805"]
[BlackElo "1435"]

1. e4 c5 2. Nf3 d6 3. Bb5+ Nd7 4. Bxd7+ Bxd7 5. Nc3 Nf6 6. O-O g6 7. Re1 Bg7 8.
d4 cxd4 9. Nxd4 O-O 10. Be3 Ng4 11. h3 Nxe3 12. Rxe3 Rc8 13. f4 Qb6 14. Rd3
Bxd4+ 15. Rxd4 Rc4 16. Ne2 e5 17. b3 Rcc8 0-1

[Event "AUTO-OPEN-4217"]
[Site "http://www.queenalice.com/game.php?id=1642275"]
[Date "2021.2.2"]
[Round "2"]
[White "GaryK"]
[Black "princesher"]
[Result "1-0"]
[WhiteElo "1573"]
[BlackElo "1889"]

1. e4 e5 2. Nf3 d6 3. d4 exd4 4. Nxd4 h6 5. Bc4 Nf6 6. Nc3 c6 7. O-O b5 8. Bb3
Be7 9. Qf3 Ba6 10. e5 dxe5 11. Nxc6 Bb7 12. Nxd8 Bxf3 13. Nxf7 Rf8 14. Nxe5 Bh5
15. Nxb5 Na6 16. Re1 Bc5 17. Ng6+ Kd8 18. Nxf8 Bxf8 19. Bf4 Kc8 20. Nd6+ Bxd6
21. Bxd6 Kb7 22. Re7+ Kc6 23. Be5 Rd8 24. Ba4+ Kc5 25. Re6 Nb4 26. a3 Nbd5 27.
Rc6# 1-0

[Event "AUTO-OPEN-4217"]
[Site "http://www.queenalice.com/game.php?id=1642276"]
[Date "2021.2.2"]
[Round "2"]
[White "princesher"]
[Black "GaryK"]
[Result "0-1"]
[WhiteElo "1937"]
[BlackElo "1654"]

1. e4 c5 2. Nc3 d6 3. h3 Nf6 4. Bb5+ Bd7 5. Bxd7+ Qxd7 6. d3 g6 7. Be3 Bg7 8.
Qd2 O-O 9. Bh6 Nc6 10. Bxg7 Kxg7 11. Nf3 e5 12. a3 Rad8 13. O-O-O Rb8 14. Nd5
Nxd5 15. exd5 Ne7 16. c4 b5 17. Rh2 b4 18. axb4 Rxb4 19. Qc3 Rfb8 20. Rd2 Qa4
21. Kb1 R8b6 22. Rc2 Ra6 23. Kc1 Rb3 24. Qe1 Rxd3 25. Nd2 Qb4 26. Qf1 Rxd2 27.
Kb1 Ra1+ 28. Kxa1 Qa4+ 29. Kb1 Qxc2+ 30. Ka2 Qxb2# 0-1

[Event "AUTO-OPEN-4220"]
[Site "http://www.queenalice.com/game.php?id=1649462"]
[Date "2021.4.12"]
[Round "2"]
[White "GaryK"]
[Black "niclep"]
[Result "1-0"]
[WhiteElo "1602"]
[BlackElo "2097"]

1. e4 e5 2. Nf3 Nc6 3. Bb5 Nge7 4. Nc3 a6 5. Bc4 b5 6. Bb3 h6 7. d4 exd4 8. Nxd4
Ne5 9. O-O c5 10. f4 cxd4 11. fxe5 dxc3 12. Bxf7# 1-0

[Event "AUTO-OPEN-4220"]
[Site "http://www.queenalice.com/game.php?id=1649463"]
[Date "2021.4.12"]
[Round "2"]
[White "niclep"]
[Black "GaryK"]
[Result "0-1"]
[WhiteElo "2087"]
[BlackElo "1697"]

1. e4 c5 2. c4 Nc6 3. Nf3 e5 4. d3 d6 5. Be3 Nf6 6. h3 Be7 7. Be2 O-O 8. O-O Bd7
9. Nbd2 Rb8 10. b3 a6 11. Nh2 b5 12. f4 exf4 13. Bxf4 Be6 14. Bg3 Re8 15. Ndf3
bxc4 16. bxc4 h6 17. a3 Nh5 18. Bf2 Bf6 19. Ra2 Nf4 20. Be3 Nxe2+ 21. Rxe2 Rb7
22. Nd2 Ne5 23. Nb1 Qe7 24. Nc3 Nxc4 25. dxc4 Bxc3 26. Qd3 Bf6 27. Nf3 Reb8 28.
Nd2 Rb2 29. Ree1 a5 30. Rb1 a4 31. Rxb2 Rxb2 32. Nb1 Rb3 33. Qe2 Rxe3 34. Qc2
Bd4 35. Kh1 Qh4 36. Nd2 Rxh3+ 37. gxh3 Qxh3# 0-1

[Event "AUTO-OPEN-4218"]
[Site "http://www.queenalice.com/game.php?id=1758491"]
[Date "2021.5.4"]
[Round "3"]
[White "frankcasadio"]
[Black "GaryK"]
[Result "0-1"]
[WhiteElo "2101"]
[BlackElo "1769"]

1. e4 c5 2. Nf3 d6 3. d4 cxd4 4. Nxd4 Nf6 5. Nc3 a6 6. Bd3 e5 7. Nf5 Bxf5 8.
exf5 d5 9. Bg5 Be7 10. O-O Nbd7 11. Re1 Qc7 12. a3 O-O 13. h3 Rfd8 14. h4 e4 15.
Bf1 h6 16. Bc1 Bc5 17. Nxd5 Nxd5 18. Qxd5 Nf6 19. Qb3 Ng4 20. g3 Bxf2+ 21. Kg2
Bxe1 22. Bf4 Qc5 23. Bc4 Kh8 24. Bxf7 Qf2+ 25. Kh3 Nf6 26. Qe3 Qf1+ 27. Kh2 Ng4#
0-1

[Event "AUTO-OPEN-4218"]
[Site "http://www.queenalice.com/game.php?id=1758492"]
[Date "2021.5.4"]
[Round "3"]
[White "GaryK"]
[Black "frankcasadio"]
[Result "1-0"]
[WhiteElo "1798"]
[BlackElo "2072"]

1. e4 e5 2. Nf3 Nc6 3. Bb5 Bc5 4. c3 a6 5. Bxc6 dxc6 6. Nxe5 Nf6 7. d3 h6 8. O-O
Ba7 9. Bf4 Be6 10. Nd2 Nd7 11. Nxd7 Qxd7 12. d4 O-O-O 13. b4 Bg4 14. Qc2 h5 15.
h3 Bxh3 16. gxh3 Qxh3 17. Bh2 Rh6 18. Kh1 c5 19. bxc5 c6 20. Rg1 Bb8 21. e5 f6
22. Rxg7 fxe5 23. Qb3 Bc7 24. Rb1 b5 25. cxb6 Bd6 26. b7+ Kb8 27. Qb6 Rhh8 28.
Qa7+ 1-0

[Event "AUTO-OPEN-4239"]
[Site "http://www.queenalice.com/game.php?id=1762627"]
[Date "2021.6.19"]
[Round "2"]
[White "Vedovanera"]
[Black "GaryK"]
[Result "1-0"]
[WhiteElo "2284"]
[BlackElo "1929"]

1. e4 c5 2. Nf3 d6 3. d4 cxd4 4. Nxd4 Nf6 5. Nc3 a6 6. Be3 e5 7. Nb3 Be6 8. h3
Be7 9. Qf3 O-O 10. g4 a5 11. Bb5 Na6 12. O-O-O Nc7 13. Bb6 Nd7 14. Bxc7 Qxc7 15.
Kb1 Rfc8 16. a4 Bc4 17. Bxc4 1-0

[Event "AUTO-OPEN-4239"]
[Site "http://www.queenalice.com/game.php?id=1762628"]
[Date "2021.6.19"]
[Round "2"]
[White "GaryK"]
[Black "Vedovanera"]
[Result "0-1"]
[WhiteElo "1931"]
[BlackElo "2283"]

1. e4 c5 2. Nf3 e6 3. d4 cxd4 4. Nxd4 a6 5. Bd3 Qc7 6. O-O Nf6 7. Qe2 d6 8. c4
Nc6 9. Nxc6 bxc6 10. Nc3 Be7 11. f4 O-O 12. Be3 Bb7 13. b3 c5 14. Rad1 Rad8 15.
Qf3 Bc6 16. g4 d5 17. exd5 exd5 0-1

[Event "AUTO-OPEN-4239"]
[Site "http://www.queenalice.com/game.php?id=1762633"]
[Date "2021.6.19"]
[Round "2"]
[White "GaryK"]
[Black "Canaye"]
[Result "1-0"]
[WhiteElo "1863"]
[BlackElo "1894"]

1. e4 e6 2. d4 d5 3. Nc3 dxe4 4. Nxe4 Nd7 5. Nf3 Ngf6 6. Nxf6+ Nxf6 7. Bd3 c5 8.
Be3 cxd4 9. Bxd4 Be7 10. O-O O-O 11. Qe2 Re8 12. Rad1 Nd5 13. Rfe1 b6 14. c4 Nb4
15. Be4 Bd7 16. Ne5 f6 17. Bxh7+ Kh8 18. Qh5 fxe5 19. Bg6+ Kg8 20. Qh7+ Kf8 21.
Qh8# 1-0

[Event "AUTO-OPEN-4239"]
[Site "http://www.queenalice.com/game.php?id=1762634"]
[Date "2021.6.19"]
[Round "2"]
[White "Canaye"]
[Black "GaryK"]
[Result "0-1"]
[WhiteElo "1913"]
[BlackElo "1844"]

1. d4 Nf6 2. c4 e6 3. Nc3 Bb4 4. Qc2 O-O 5. e4 d5 6. cxd5 exd5 7. e5 c5 8. exf6
Re8+ 9. Be2 cxd4 10. Bd2 dxc3 11. Bxc3 Bxc3+ 12. Qxc3 d4 13. Qd3 Nc6 14. fxg7
Ne5 15. Qb3 d3 16. Bh5 Nf3+ 17. Kd1 Re1# 0-1

[Event "AUTO-OPEN-4220"]
[Site "http://www.queenalice.com/game.php?id=1763469"]
[Date "2021.7.1"]
[Round "3"]
[White "GaryK"]
[Black "cerenzo72"]
[Result "1-0"]
[WhiteElo "1907"]
[BlackElo "2095"]

1. e4 c5 2. Nf3 Nc6 3. Bb5 Nf6 4. Nc3 Nd4 5. e5 Nxb5 6. Nxb5 Nd5 7. O-O e6 8. c4
Nb6 9. b3 a6 10. Nd6+ Bxd6 11. exd6 O-O 12. Ba3 Nxc4 13. bxc4 Qb6 14. d4 cxd4
15. Nxd4 Qd8 16. c5 b5 17. Qf3 Rb8 18. c6 Qb6 19. c7 Rb7 20. Rfd1 b4 21. Bb2 f6
22. Rac1 1-0

[Event "AUTO-OPEN-4220"]
[Site "http://www.queenalice.com/game.php?id=1763470"]
[Date "2021.7.1"]
[Round "3"]
[White "cerenzo72"]
[Black "GaryK"]
[Result "0-1"]
[WhiteElo "2147"]
[BlackElo "1880"]

1. b3 d5 2. Bb2 Nf6 3. e3 Bf5 4. Nf3 e6 5. Be2 h6 6. Nc3 Nbd7 7. O-O c6 8. Nh4
Bh7 9. d3 Bd6 10. f4 g5 11. fxg5 hxg5 12. Nf3 Qc7 13. d4 Ng4 14. Nxg5 Bxh2+ 15.
Kh1 Be4 16. Ncxe4 Bg1+ 0-1